=LDR 00000nam 2200000 4500 =001 INLIS000000000048009 =005 20160331095150.0 =006 =007 =008 =020 ##$$a 3-444-103573 =035 ##$$0010-031600000000122 =082 ##$$a 641.5 =090 ##$$a 641.5 $b Ach g =100 ##$$a Achti Schwizen Chueli =245 ##$$a Gesunde Schweizen Kost / $c Achti Schwizen Chueli =260 ##$$a Switzenland : $b Halwag, $c 1991 =300 ##$$a 64 hlm . : $b ilus . ; $c 21 cm =650 ##$$a Kuliner